000 00741nam a2200313Ia 4500
008 161027s9999||||xx |||||||||||||| ||und||
040 _chindi
082 _aX.B
082 _bBORI-31536
100 _aacharya shri badrinath shukla
245 _aSyadvad kalpalata
250 _bfirst
260 _avaranasi
260 _bchaukhambha orientalia
260 _c1977
300 _a326
300 _bI
300 _cB
300 _eHardbound
530 _u0000831.PDF
563 _atext
600 _aacharya shri badrinath shukla
630 _aSyadvad kalpalata
650 _aBuddhism and Jainsm
650 _ajainism
700 _aacharya shri badrinath shukla
730 _aSyadvad kalpalata
942 _cBOOK
999 _c1401299
_d1401296